000 00467nam a22001817a 4500
005 20250415125853.0
008 250414b |||||||| |||| 00| 0 eng d
020 _a978-1-4051-7616-3
041 _aeng
082 _a618.92 LEV-T
100 _aLEVITT, SOPHIE
_98625
245 _aTREATMENT OF CEREBRAL PAISY AND MOTOR DELAY
250 _a5TH ED,
260 _aNEW DELHI
_bWILEY BLACKWELL
_c2010
300 _a356;P
650 _aPHYSIOTHERAPY
_98180
942 _cBK
999 _c8761
_d8759